000 01194nam a22002537a 4500
005 20080714104319.0
008 080714t xxu||||| |||| 00| f hin d
010 _aHIN-83835
020 _a8187425873
_c70.00
035 _aHN-56181
037 _bDBAD / PUB
040 _aDPL
_bHN
082 _a
100 _aगोर्की, मक्सिम
245 _aमेरा बचपनः
_b( उपन्यास) /
_cमक्सिम गोर्की; नरोत्तम नागर द्वारा अनुदित
246 _aMera Bachpan
_bby Maxim Gorky
260 _aलखनऊ
_bपरिकल्पना प्रकाशन
_c2006
270 _aजनचेतना, डी-68, निरालानगर
_bलखनऊ
_e226020
300 _a230पृ
_c22सेमी(अजिल्द)
650 _aहिन्दी उपन्यास
650 _aHindi Novels
942 _2ddc
_cHN
_h
_mगोर्कीम
999 _c14444
_d14444